Restablecimiento provisional del sufragio censitario (Record no. 62448)

MARC details
000 -LEADER
campo de control de longitud fija 00625nam a2200169 i 4500
001 - NÚMERO DE CONTROL
campo de control 62448
003 - IDENTIFICADOR DE NÚMERO DE CONTROL
campo de control ES-MaACL
007 - CAMPO FIJO DE DESCRIPCIÓN FÍSICA--INFORMACIÓN GENERAL
campo de control de longitud fija t|
008 - DATOS DE LONGITUD FIJA--INFORMACIÓN GENERAL
campo de control de longitud fija 031121s1985 sp ||||1| spa d
020 ## - NÚMERO INTERNACIONAL ESTÁNDAR DEL LIBRO
Número Internacional Estándar del Libro 84-398-4496-7
100 1# - ENTRADA PRINCIPAL--NOMBRE DE PERSONA
Nombre de persona Fernández Domínguez, Arturo.
9 (RLIN) 49747
245 10 - MENCIÓN DEL TÍTULO
Título Restablecimiento provisional del sufragio censitario
Resto del título : leyes electorales de 1877 y 1878 de diputados a las Cortes Españolas /
Mención de responsabilidad, etc. Arturo Fernández Domínguez.
260 ## - PUBLICACIÓN, DISTRIBUCIÓN, ETC.
Lugar de publicación, distribución, etc. Málaga :
Nombre del editor, distribuidor, etc. Universidad de Málaga, Facultad de derecho,
Fecha de publicación, distribución, etc. 1985.
300 ## - DESCRIPCIÓN FÍSICA
Extensión 72 p. ;
Dimensiones 21 cm.
852 ## - LOCALIZACIÓN
Ubicación ES-MaACL
Número de control de estantería L-8830
Sublocalización o colección R.110427
852 ## - LOCALIZACIÓN
Ubicación ES-MaACL
Número de control de estantería L-8964
Sublocalización o colección R.110428
Holdings
Estatus retirado Estado de pérdida Estado de daño No para préstamo Biblioteca de origen Biblioteca actual Ubicación en estantería Fecha de adquisición Fuente de adquisición Total de préstamos Signatura topográfica completa Código de barras Visto por última vez Precio de reemplazo Tipo de ítem Koha
        Biblioteca del Ateneo de Madrid Biblioteca del Ateneo de Madrid Depósito 2 17/01/2008     L-8964 1065472 23/02/2023 23/02/2023 Libro impreso
        Biblioteca del Ateneo de Madrid Biblioteca del Ateneo de Madrid Depósito 2 17/01/2008     L-8830 1065471 23/02/2023 23/02/2023 Libro impreso